00853nam a22002417a 450000500170000001000340001702000260005103500130007703500190009003700130010903700270012208200130014910000190016224501110018126000390029227000790033130000270041065000240043765000230046170000240048470000200050885600830052820100903160832.0 aENG-101408 B-428460-464 a9788132104612c395.00 aEN-84941 a B-428460-464 bDBAD/PUB bResearchco Book Centre00a658.40121 aSiddiqui, Moid10aWho will bell the cat? :c by Moid Siddiquiba manager’s toolkit for strategy formation and execution /  aNew DelhibSAGE Publicationsc2010 aB1/I-1 Mohan Cooperative In dustrial Area, Mathura RoadbNew Delhie110044 axiv,182p. c25cm (pbk) 0aStrategic planning. 0aBusiness planning. aBanerjee, Preeta M. aShastri, Vanita413Table of contents onlyuhttp://www.loc.gov/catdir/toc/ecip0813/2008011837.html